কৃষ্ণকান্তের উইল / (Record no. 37860)
[ view plain ]
| 000 -LEADER | |
|---|---|
| fixed length control field | 00971nam a22002537a 4500 |
| 001 - CONTROL NUMBER | |
| control field | 37860 |
| 003 - CONTROL NUMBER IDENTIFIER | |
| rucl marc code | BD-RjUL |
| 005 - DATE AND TIME OF LATEST TRANSACTION | |
| control field | 20230620145134.0 |
| 008 - FIXED-LENGTH DATA ELEMENTS--GENERAL INFORMATION | |
| fixed length control field | 150802s1981 bg ||||| |||| 00| 0 ben d |
| 035 ## - SYSTEM CONTROL NUMBER | |
| System control number | (BD-RjUL) |
| 040 ## - CATALOGING SOURCE | |
| Original cataloging agency | BD-RjUL |
| Language of cataloging | eng |
| Transcribing agency | BD-RjUL |
| 041 ## - LANGUAGE CODE | |
| Language code of text/sound track or separate title | ben |
| 082 ## - DEWEY DECIMAL CLASSIFICATION NUMBER | |
| Edition number | 23 |
| Classification number | 891.443 |
| Author mark and year | CHK 1981 |
| 100 ## - MAIN ENTRY--PERSONAL NAME | |
| Personal name | চট্রোপাধ্যায়, বঙ্কিমচন্দ্র |
| 9 (RLIN) | 117295 |
| 245 ## - TITLE STATEMENT | |
| Title | কৃষ্ণকান্তের উইল / |
| Statement of responsibility, etc. | বঙ্কিমচন্দ্র চট্রোপাধ্যায় |
| 250 ## - EDITION STATEMENT | |
| Edition statement | মুক্তধারা ২য় সং. |
| 260 ## - PUBLICATION, DISTRIBUTION, ETC. (IMPRINT) | |
| Place of publication, distribution, etc. | ঢাকা : |
| Name of publisher, distributor, etc. | মুক্তধারা, |
| Date of publication, distribution, etc. | ১৯৮১ |
| 300 ## - PHYSICAL DESCRIPTION | |
| Pagination | ১১২ পৃ. ; |
| Size | ২১ সেমি. |
| 490 ## - SERIES STATEMENT | |
| Series statement | মুক্তধারা ; |
| Volume/sequential designation | ৬৪০ |
| 650 ## - SUBJECT ADDED ENTRY--TOPICAL TERM | |
| Topical term or geographic name as entry element | বাংল উপন্যাস |
| 9 (RLIN) | 7930 |
| Topical term or geographic name as entry element | Bengali Fiction |
| 830 ## - SERIES ADDED ENTRY--UNIFORM TITLE | |
| Uniform title | মুক্তধারা ; |
| Volume number/sequential designation | ৬৪০ |
| 942 ## - ADDED ENTRY ELEMENTS (KOHA) | |
| Source of classification or shelving scheme | Dewey Decimal Classification |
| Koha item type | Books |
| Lost status | Source of classification or shelving scheme | Damaged status | Not for loan | Collection code | Permanent Location | Current Location | Shelving location | Date acquired | Source of acquisition | Cost, normal purchase price | Total Checkouts | Full call number | Date last seen | Date checked out | Copy number | Koha item type |
|---|---|---|---|---|---|---|---|---|---|---|---|---|---|---|---|---|
| Dewey Decimal Classification | Fiction | Central Library, University of Rajshahi | Central Library, University of Rajshahi | General Stacks | 06/06/1983 | Muktadhara | 10.00 | 13 | B 891.443 CHK 1981 | 16/06/2025 | 20/05/2025 | C-2 | Books |